Mitología y artes prehispánicas de las Antillas

Salvato in:
Dettagli Bibliografici
Autore principale: Arrom, José Juan (Autore)
Natura: Libro
Lingua:spagnolo
Pubblicazione: Ciudad de México Siglo Veintiuno 1975
Edizione:1a. ed
Soggetti:
Accesso online:imagten tapa
Tags: Aggiungi Tag
Nessun Tag, puoi essere il primo ad aggiungerne!!

MARC

LEADER 00000nam a2200000 a 4500
001 UCI5343
003 CL-VaPUC
008 080320e19750000MX |||||||||||||||||spa|d
082 0 4 |a 299.7  |b ARR  |2 21 
100 0 |a Arrom, José Juan  |e author  |9 527658 
245 1 0 |a Mitología y artes prehispánicas de las Antillas 
250 |a 1a. ed 
300 |a 191 p 
942 |c BK 
945 |d 20080320 00:00:00  |a jtorresc 
260 |a Ciudad de México  |b Siglo Veintiuno  |c 1975 
650 7 |a MITOLOGIA INDIA  |2 CL-VaPUC  |9 470625 
650 7 |a INDIOS OCCIDENTALES  |2 CL-VaPUC  |9 527659 
650 7 |a INDIOS DE ANTILLAS  |2 CL-VaPUC  |9 527660 
650 0 |a Antigüedades  |9 266390 
856 7 |f UCI5343_01.jpg  |u http://opac.pucv.cl/pucv_img/Img-5000/UCI5343_01.jpg  |q JEPG  |2 file  |z imagten tapa 
583 |a last modification  |c 20080320 00:00:00  |k Rodrigo Vera 
999 |c 329096  |d 329094 
952 |0 0  |1 0  |4 0  |6 299_700000000000000_ARR_1975  |7 0  |8 A  |9 413418  |a BIBHIS  |b BIBHIS  |d 2019-11-22  |i 4417127  |l 1  |o 299.7 ARR 1975  |p 4417127  |r 2025-01-20  |s 2023-11-07  |w 2019-11-22  |y BK  |k HIS